Apna Street/ (Record no. 190455)
[ view plain ]
| 000 -LEADER | |
|---|---|
| fixed length control field | 00533nam a22001817a 4500 |
| 005 - DATE AND TIME OF LATEST TRANSACTION | |
| control field | 20220726121148.0 |
| 010 ## - LCCN (DPL NO) | |
| LC control number | ENG-133961 |
| 020 ## - INTERNATIONAL STANDARD BOOK NUMBER | |
| International Standard Book Number | 9789380514598 |
| Terms of availability | 300.00 |
| 035 ## - SYSTEM CONTROL NUMBER | |
| System control number | EN-117493 |
| 037 ## - SOURCE OF ACQUISITION | |
| Source of stock number/acquisition | DBAD/PUB |
| 082 ## - DEWEY DECIMAL CLASSIFICATION NUMBER | |
| Classification number | S |
| 100 ## - MAIN ENTRY--PERSONAL NAME | |
| Personal name | Hollick, Julian Crandall |
| 245 ## - TITLE STATEMENT | |
| Title | Apna Street/ |
| Statement of responsibility, etc | Julian Crandall Hollick |
| 260 ## - PUBLICATION, DISTRIBUTION, ETC. (IMPRINT) | |
| Place of publication, distribution, etc | Pune |
| Name of publisher, distributor, etc | Ameya Prakashan |
| Date of publication, distribution, etc | 2011 |
| 270 ## - ADDRESS | |
| City | Pune |
| Address | 207, Business Guild, Law College Road |
| Postal code | 411004 |
| Electronic mail address | Ameyaprakashan@gmail.com |
| 300 ## - PHYSICAL DESCRIPTION | |
| Extent | xxxv;354p. |
| Dimensions | 21cm(pbk) |
| Other physical details | Index |
| 942 ## - ADDED ENTRY ELEMENTS (KOHA) | |
| Source of classification or shelving scheme | Dewey Decimal Classification |
| Item type | English Books |
| Classification part | S |
| Call number suffix | HOL |
| Withdrawn status | Lost status | Not for loan | Collection code | Home library | Current library | Date acquired | Source of acquisition | Cost, normal purchase price | Full call number | Barcode | Copy number | Cost, replacement price | Koha item type |
|---|---|---|---|---|---|---|---|---|---|---|---|---|---|
| Fiction | Bawana | Bawana | 26/07/2022 | DBAD/PUB | 300.00 | S HOL | EN-117493 | 1 | 300.00 | English Books |
